000 01169nam a2200325 4500
001 64887
010 _a978-989-671-355-3
100 _a20220105d2021 m||a0pory50030103ba
101 1 _apor
_ccze
102 _aPT
200 1 _aOs destinos do bom soldado Svejk durante a guerra mundial
_fJaroslav Hasek
_gtrad. e notas Lumir Nahodil
205 _a2. ed
210 _aLisboa
_cTinta-Da-China
_d2021
215 _a879, [1] p.
_cil., des
304 _aTít. orig. : Osudy dobrého vojáka Svejka za svestové války
675 _a821.162.3-31"19"
_vBN
_zpor
700 _923977
_aHasek
_bJaroslav
_f1883-1923
702 _aNahodil
_bLumir
_4730
_933374
801 0 _aPT
_bBN
_gRPC
090 _a64887
942 _cMON
_n0